Đánh giá nghèo có sự tham gia của người dân huyện Duyên Hải và Châu Thành tỉnh Trà Vinh, Việt Nam

Tài liệu nghiên cứu và đánh giá tình hình nghèo đói của người dân ở hai huyện Duyên Hải và Châu Thành tỉnh Trà Vinh. Qua đó, tài liệu cũng đưa ra các chiến lược và biện pháp xóa đói, giảm nghèo cho người dân....

詳細記述

保存先:
書誌詳細
フォーマット: 図書
言語:Undetermined
出版事項: Trà Vinh Oxfam Anh 1999
主題:
タグ: タグ追加
タグなし, このレコードへの初めてのタグを付けませんか!
Thư viện lưu trữ: Trung tâm Học liệu Trường Đại học Cần Thơ
LEADER 00906nam a2200181Ia 4500
001 CTU_160430
008 210402s9999 xx 000 0 und d
082 |a 361.9597 
082 |b Đ107 
245 0 |a Đánh giá nghèo có sự tham gia của người dân huyện Duyên Hải và Châu Thành tỉnh Trà Vinh, Việt Nam 
260 |a Trà Vinh 
260 |b Oxfam Anh 
260 |c 1999 
520 |a Tài liệu nghiên cứu và đánh giá tình hình nghèo đói của người dân ở hai huyện Duyên Hải và Châu Thành tỉnh Trà Vinh. Qua đó, tài liệu cũng đưa ra các chiến lược và biện pháp xóa đói, giảm nghèo cho người dân. 
650 |a Poverty,Nghèo đói 
650 |z Tra Vinh,Trà Vinh 
904 |i Bạch Trúc 
980 |a Trung tâm Học liệu Trường Đại học Cần Thơ